000 01681nam0a2200325 4500
001 RU\NLR\bibl\1209662
005 20260406062519.0
010 _a978-5-98704-094-9
_bв пер.
_92000
035 _a(NLR Aleph) 001196094
090 _a1747799
_c1747799
100 _a20080403d2007 |||y0rusy50 ca
101 0 _arus
102 _aRU
105 _aa j |||||
200 1 _aМатематика для гуманитариев
_eучебное пособие для студентов высших учебных заведений, обучающихся по направлениям группы гуманитарных и социальных наук подготовки бакалавров и магистров и гуманитарно-социальным спецальностям подготовки дипломированных специалистов
_fП.В. Грес
210 _aМосква
_cЛогос
_cУниверситетская книга
_d2007
215 _a156, [2] с.
_cил.
_d21
225 1 _aУчебник XXI века
320 _aБиблиогр.: с. 158 и в подстроч. примеч.
606 1 _aМатематика
_jУчебные издания для высших учебных заведений
_9922118
_3RU\NLR\auth\6619329
610 0 _aМатематика
610 0 _aУчебные издания для вузов
686 _aВ11я73-1
700 1 _4070
_8rus
_7ca
_aГрес
_bП. В.
_gПавел Власович
_3RU\NLR\auth\7712691
_9122402
801 0 _aRU
_bNLR
_c20080403
_gRCR
801 1 _aRU
_bNLR
_c20080403
830 _aавт. по кн.
942 _cBOOK
980 _aNB